000 00571nam a2200205Ia 4500
005 20250508154416.0
008 008 250505s9999 xx 000 0 eng d
037 _aReference
040 _aFEDL
_beng
_cFEDL
041 _aeng
_2eng
084 _a375, ALB
_qFEDL
100 _aAlberty Harold B
_9762971
245 0 _aReorganizing the high-school curriculum
250 _a3
260 _aNew York, USA
_bThe Macmillan Company
_c1962
300 _axiv,512p
700 _a Alberty Elsie J
_9765443
942 _cREF
_h375, ALB
999 _c1350009
_d1350009